000
00319 a2200157 4500
001
190787
020
_a
040
_c
Magnum
100
_a
Bueno, Maria Celia
240
1
0
_a
Misturando versos
_l
por
245
1
0
_a
Misturando versos
300
_a
28
362
0
_a
1986
697
_a
LITERATURA INFANTO
942
_c
BK
999
_c
190787
_d
190787